Demon - Statistics

General Stats
  • This quiz has been taken 6 times
  • The average score is 17 of 65
Answer Stats
Difficulty Answer % Correct
Easy The Lightning Road
100%
Easy The Nightmare
100%
Top 150 Acheron
80%
Extreme Acu
80%
Top 150 Avernus
80%
Medium B
80%
Extreme Bloodbath
80%
Extreme Cataclysm
80%
Top 150 Silent Clubstep
80%
Top 150 Tidal Wave
80%
Top 150 Slaughterhouse
60%
Top 150 Abyss of Darkness
40%
Top 150 Firework
40%
Hard Jawbreaker
40%
Top 150 Kyouki
40%
Hard Nine Circles
40%
Top 150 Nullscapes
40%
Top 150 Sakupen Circles
40%
Extreme Sonic Wave
40%
Extreme Aftermath
20%
Top 150 Congregation
20%
Insane Crimson Clutter
20%
Extreme Erebus
20%
Hard Fairydust
20%
Hard Future Funk
20%
Insane Ice Carbon Diablo X
20%
Top 150 Kenos
20%
Top 150 LIMBO
20%
Extreme Phobos
20%
Extreme Plasma Pulse Finale
20%
Extreme Plasma Pulse III
20%
Extreme Sakupen Hell
20%
Easy Shivver
20%
Medium -Sirius-
20%
Easy Speed Racer
20%
Insane Subsonic
20%
Top 150 Tartarus
20%
Top 150 The Golden
20%
Medium Theory of Skrillex
20%
Extreme Yatagarasu
20%
Top 150 Zodiac
20%
Extreme Aquatic Auroras
0%
Extreme Atmosphere
0%
Easy Break The Rules
0%
Top 150 Cognition
0%
Medium Demon World
0%
Extreme Devil Vortex
0%
Extreme Digital Descent
0%
Top 150 Edge of Destiny
0%
Extreme Ego Killing
0%
Extreme Friday
0%
Extreme Gamma
0%
Insane Hi
0%
Top 150 Natural Disaster
0%
Extreme Nhelv
0%
Extreme Ploink
0%
Extreme Ram
0%
Top 150 Sigma
0%
Extreme Sonic Wave Rebirth
0%
Insane Stalemate
0%
Extreme Stereo Extremeness
0%
Insane Temple of Destiny
0%
Extreme The Moon Below
0%
Easy To The Grave
0%
Easy To The Top
0%
No matching quizzes found
Score Distribution
Percent of People with Each Score
Percentile by Number Answered
Your Score History
You have not taken this quiz